Geography Next in Line #3 - Statistics

General Stats
  • This quiz has been taken 288 times
  • The average score is 17 of 24
Answer Stats
Hint Answer % Correct
Country home to the ancient city of Babylon Iraq
98%
Country whose capital is Baghdad Iraq
98%
Country where the Pope lives Vatican City
95%
Country where Usain Bolt is from Jamaica
93%
Country with a wall through it's capital until 1989 Germany
89%
Country with the most polluted city in the world India
89%
Country with the Bay of Pigs Cuba
85%
Country that used to be called Burma Myanmar
85%
Country whose capital is Doha Qatar
83%
Country that borders Slovenia and Switzerland Austria
82%
Country only bordering France Monaco
82%
Country containing the city of Gdansk Poland
81%
Country across the channel from Madagascar Mozambique
79%
Country with the Ganges River Delta Bangladesh
76%
Only French speaking country in Latin America Haiti
68%
Country surrounding the sea of Marmara Turkey
66%
Country that hosted the 2004 summer Olympics Greece
59%
Country whose capital is Yaren Nauru
55%
Next Country Dominican Republic (Countries in the Greater Antilles)
54%
Next Country Sri Lanka (Countries bordering the Bay of Bengal)
48%
Next Country Slovakia (Countries bordering the Czech Republic)
35%
Next Country Tuvalu (Smallest countries)
32%
Next country Egypt (Countries that contained the Ancient Wonders of the World)
25%
Next Country Equatorial Guinea (Countries containing the letter Q)
24%
No matching quizzes found
Score Distribution
Percent of People with Each Score
Percentile by Number Answered
Your Score History
You have not taken this quiz